Estudio técnico y de inversión para una planta de cromado de coches de niños
Gorde:
| Egile nagusia: | |
|---|---|
| Formatua: | Liburua |
| Argitaratua: |
San José, Costa Rica
1991
|
| Gaiak: | |
| Etiketak: |
Etiketa erantsi
Etiketarik gabe, Izan zaitez lehena erregistro honi etiketa jartzen!
|
MARC
| LEADER | 00000nam a2200000Ia 4500 | ||
|---|---|---|---|
| 003 | 005156 | ||
| 005 | 20221231144328.0 | ||
| 008 | 140114s1991 cr a m 000 ||s d | ||
| 040 | |c cru CEDI | ||
| 090 | |a TFG 2457 | ||
| 100 | |a Araya Ajún, Carlos Luis |9 12768 | ||
| 245 | |a Estudio técnico y de inversión para una planta de cromado de coches de niños | ||
| 260 | |c 1991 |a San José, Costa Rica | ||
| 300 | |a [172] hojas : ilustraciones ; 28 cm | ||
| 500 | |a Proyecto de graduación (licenciatura en ingeniería química)--Universidad de Costa Rica. Facultad de Ingeniería. Escuela de Ingeniería Química | ||
| 650 | |x ACABADO DE METALES |x CROMADO |9 12769 | ||
| 942 | |c TFG |2 ddc | ||
| 999 | |c 20238 |d 20238 | ||
